| 000 | 01343nam a2200325 c 4500 | ||
|---|---|---|---|
| 003 | BLK | ||
| 005 | 20240521133442.0 | ||
| 008 | 180408b bul|||||r ||||||| ||bul|| | ||
| 010 | _aKNG00048106000 | ||
| 040 | _aBLK | ||
| 041 |
_aBUL _cBUL |
||
| 080 |
_aПредплащане на пощенски услуги. Франкировка. Пощенски марки. Филателия _b656.835 _x(497.2) _z656.835(497.2) |
||
| 100 | 1 |
_aНаумов, Любен Крумов _eпърви автор _9279334 |
|
| 700 | 1 |
_aШейтанов, Славе Георгиев _eсъавт. _9279335 |
|
| 139 |
_aНаумов, Любен Крумов и др. _bН 32 |
||
| 245 | 1 | 0 |
_aКакво разказват българските пощенски марки _cЛюбен Крумов Наумов; съавт. Славе Георгиев Шейтанов. |
| 257 | _aBGR | ||
| 260 |
_аСофия _bНаука и изкуство _c1964 _fСофия : Д. Благоев |
||
| 300 |
_a267 с. _bс ил. _c17 см |
||
| 380 | _a62 | ||
| 650 | 4 |
_aПощенски марки _9248148 |
|
| 653 | _aпощенски марки | ||
| 653 | _aБългария | ||
| 852 | _aЦб І 6623 | ||
| 856 | 4 |
_qpdf _u |
|
| 856 | 4 |
_qpdf _u |
|
| 942 |
_cKNG _n0 _01 |
||
| 944 |
_aCR _c08.02.2005 _k30558 _lВаля Йорданова |
||
| 944 |
_aED _c27.02.2013 _k |
||
| 999 |
_c44341 _d44341 |
||